00336nam a2200133Ia 4500003000400000005001700004008004100021040000900062082001700071100001500088245004100103260004900144300000900193OSt20200611105321.0190216s9999||||xx |||||||||||||| ||und|| coclc a294.3bBAP/Y aBapat, P V 0a2500 Years Of Buddhism /c P V Bapat bPublications Division Govt. Of India,c1982. a438p